| 000 | 01189nam a2200241Ia 4500 | ||
|---|---|---|---|
| 999 |
_c37734 _d37734 |
||
| 001 | 3709 | ||
| 003 | GE_BSU | ||
| 005 | 20220921163135.0 | ||
| 008 | 181216s1998||||ge |||||||||||||| ||geo|| | ||
| 020 | _a9992851384 | ||
| 040 | _cGE_BSU | ||
| 041 | _ageo | ||
| 080 | _a58(479.223) პ–18 | ||
| 100 |
_aპაპუნიძე, ვ. _92537 |
||
| 245 |
_aსაქართველოს მეცნიერებათა აკადემიის ბათუმის ბოტანიკური ბაღი : _bისტორიული ნარკვევი მეგზური / _cვ.პაპუნიძე, ბაგრატიშვილი, ნ ; რედ. ა.ციცვაძე. |
||
| 264 |
_aბათუმი : _bმეცნიერება, _c1998. |
||
| 300 |
_a154 გვ. ; _b21 სმ. |
||
| 653 | _aისტორიული ნარკვევი მეგზური | ||
| 653 | _aბათუმის ბოტანიკური ბაღი | ||
| 700 |
_aბაგრატიშვილი, ნ. _eავტორი _92651 |
||
| 700 |
_aციცვაძე, ა. _eრედაქტორი _92652 |
||
| 942 |
_cBK _2udc |
||